000 00536nam a2200181Ia 4500
005 20250508161606.0
008 008 250505s9999 xx 000 0 eng d
037 _aReference
040 _aFEDL
_beng
_cFEDL
041 _aeng
_2eng
084 _a425, BRI
_qFEDL
100 _aBright J A
_969522
245 0 _aPatterns and skills in english : A new school certificate course Book 2
260 _aArusha, Tanzania
_bArusha Longmans
_c1965
300 _axiii,239p.
942 _cREF
_h425, BRI
999 _c1370979
_d1370979